|
|
|
|
| LEADER |
00000cam a22000001i 4500 |
| 001 |
vtls009922930 |
| 003 |
SK-MaSNL |
| 005 |
20260302010707.0 |
| 008 |
240318s1978 xr r 000 cze |
| 035 |
|
|
|a (SVKBBclas03)vtls000202079
|
| 040 |
|
|
|a SNK
|b slo
|c SNK
|e AACR2
|
| 041 |
0 |
|
|a cze
|
| 044 |
|
|
|a xr
|c CZ
|
| 080 |
|
|
|a 329.15(437)
|2 1981
|
| 100 |
1 |
|
|a Havlíček, František
|4 aut
|9 293025
|
| 245 |
1 |
0 |
|a Růst vedoucí úlohy komunistické strany v rozvinuté socialistické společnosti
|c František Havlíček, Karel Hlavatý, Miroslav Zubina, Václav Petr a další.
|
| 250 |
|
|
|a 1. čes. vyd.
|
| 260 |
|
|
|a Praha
|b Nakladatelství Svoboda
|c 1978
|e Praha
|f Rudé právo, tiskařské závody
|
| 300 |
|
|
|a 446 s. [5] s.
|
| 490 |
1 |
|
|a Knihovna výstavby strany a stranické práce
|
| 610 |
|
7 |
|a Komunistická strana Československa
|2 SVKBBPH
|9 32256
|
| 852 |
|
|
|a Štátna vedecká knižnica v Banskej Bystrici
|
| 852 |
|
|
|a Slovenská národná knižnica v Martine
|b 10000
|c SC 45236
|
| 958 |
|
|
|a OND
|
| 999 |
|
|
|c 1003549
|d 1005479
|
| 952 |
|
|
|a SNK
|b SNK
|y VYP
|7 0
|p 17A1149385
|o snkSC 45236 D1
|i snkKIP 9596/78
|0 0
|1 0
|4 0
|d 2016-11-08
|l 0
|r 2026-02-24 12:27:38
|w 2026-02-24
|